|
|
|
|
| LEADER |
00573cam a2200133 7i4500 |
| 001 |
0000032541 |
| 005 |
20150811090000.0 |
| 090 |
0 |
0 |
|a M 621.8025
|b SEL
|
| 245 |
0 |
4 |
|a The Selangor & Kuala Lumpur Foundry & Engineering Industries Association :
|b 75th anniversary directory.
|
| 260 |
0 |
0 |
|a [s.l]:
|b The Selangor & Kuala Lumpur Foundry & Engineering Industries Association,
|c 2012.
|
| 300 |
# |
# |
|a 337 pages.
|
| 650 |
0 |
0 |
|a Manufacturing industry --
|x Directories --
|z Malaysia
|
| 650 |
0 |
0 |
|a Founding --
|x Directories --
|z Malaysia
|
| 999 |
|
|
|a 0000034729
|b Directories
|c Malaysia
|e Business Information Centre
|